000 02842nam a22003257a 4500
999 _c60622
_d60622
003 Ge_BSU
005 20230922115948.0
008 230922s2018 ge ||||| |||| 00| 0 geo d
020 _a9789941808654
041 _ageo
080 _a738(479.22)(092) ი-39
100 _aიზორია, მაია
_917931
245 _aრევაზ იაშვილი = Revaz Iashvili :
_bშემოქმედება და მოღვაწეობა, 1929-1996 /
_c მაია იზორია ; წიგნის შედგენაში მონაწილეობდნენ: სოფო მაისურაძე, ლაშა ციხისელი, ნიკოლოზ წოწკოლაური [და სხვ.] ; რედაქტორი ნანა ხაზარაძე ; ინგლისური თარგმანი ნათია ასათიანი ; ინგლისური ტექსტის რედაქტორი მაია ყიასაშვილი, მარიამ გაბაშვილი, თამთა ბერიშვილი ; ფოტო გიორგი ჩხატარაშვილი ; დიზაინი და კომპიუტერული უზრუნველყოფა ზურაბ მიმინოშვილი.
264 _aთბილისი,
_c 2018.
300 _a318 გვ. :
_bილ., ფოტ. ;
_c 26 სმ.
500 _aგარეკანზე ავტორი აღნიშნული არ არის.
501 _aგარეკანი, თავფურცელი და ტექსტი ქართულ და ინგლისურ ენებზე
504 _aბიბლიოგრაფია: გვ. 312-314.
653 _aიაშვილი, რევაზ, 1926-1996.
653 _aქართველი კერამიკოსები.
653 _aქართული მხატვრული კერამიკა.
700 _aმაისურაძე, სოფო
_eშემდგენელი
_919892
700 _aციხისელი, ლაშა და სხვ.
_eშემდგენელი
_919893
700 _aხაზარაძე, ნანა
_eრედაქტორი
_919894
700 _aასათიანი, ნათია
_eმთარგმნელი
_917940
700 _aყიასაშვილი, მაია და სხვ.
_eინგლ. ტექსტის რედაქტორი
_919895
700 _aჩხატარაშვილოი, გიორგი
_eფოტოგრაფი
_919896
700 _aმიმინოშვილი, ზურაბ
_eდიზაინერი
_919897
942 _2udc
_cBK